El destino de un hombre : (Registro nro. 3721)

Detalles MARC
000 -LEADER
fixed length control field 00771nam a2200193Ia 4500
003 - CONTROL NUMBER IDENTIFIER
control field OSt
005 - DATE AND TIME OF LATEST TRANSACTION
control field 20200615145113.0
008 - FIXED-LENGTH DATA ELEMENTS--GENERAL INFORMATION
fixed length control field 191128t1986 ck a gr 000 j spa d
040 ## - CATALOGING SOURCE
Original cataloging agency CO-JMCR
Transcribing agency CO-JMCR
041 0# - LANGUAGE CODE
Language code of text/sound track or separate title spa
082 ## - DEWEY DECIMAL CLASSIFICATION NUMBER
Classification number H /
Item number DESd
245 13 - TITLE STATEMENT
Title El destino de un hombre :
Remainder of title la historia de José /
260 ## - PUBLICATION, DISTRIBUTION, ETC.
Place of publication, distribution, etc. Bogotá :
Name of publisher, distributor, etc. Sociedades Biblicas Unidas,
Date of publication, distribution, etc. ©1986
300 ## - PHYSICAL DESCRIPTION
Extent 32 Páginas :
Other physical details ilustraciones a color ;
Dimensions 25 cm.
490 0# - SERIES STATEMENT
Series statement Heroes de la fe
520 ## - SUMMARY, ETC.
Summary, etc. Después de vivir diecisiete años en egipto, Jacob murió. A su debido tiempo también murieron José y sus hermanos; pero sus descendientes, los israelitas, tuvieron muchos hijos y llegaron a ser tantos que llenaron el país.
650 14 - SUBJECT ADDED ENTRY--TOPICAL TERM
Topical term or geographic name entry element Histoia La Biblia
9 (RLIN) 5623
942 ## - ADDED ENTRY ELEMENTS (KOHA)
Source of classification or shelving scheme Dewey Decimal Classification
Koha item type Books
Existencias
Withdrawn status Lost status Source of classification or shelving scheme Damaged status Not for loan Collection code Home library Current library Date acquired Source of acquisition Cost, normal purchase price Total Checkouts Full call number Barcode Date last seen Copy number Koha item type
    Dewey Decimal Classification     Fiction Biblioteca Pública José María del Castillo y Rada Biblioteca Pública José María del Castillo y Rada 11/28/2019 Donación 0.00   H / DESd 201807712 11/28/2019 Ej.1 Books